LEADER 02019nas 2200613- 450 001 996336346903316 005 20230227213019.0 035 $a(DE-599)ZDB2659513-8 035 $a(OCoLC)609962560 035 $a(CKB)2660000000008810 035 $a(CONSER)--2022243154 035 $a(EXLCZ)992660000000008810 100 $a20091214b20082017 --- a 101 0 $aeng 135 $aurmn||||a|||| 181 $ctxt$2rdacontent 182 $cc$2rdamedia 183 $acr$2rdacarrier 200 00$aCell communication insights 210 1$aAuckland, N.Z. :$cLibertas Academica,$d2008-2017. 215 $a1 online resource 300 $aArchived by the National Library of New Zealand. 300 $aHypertext links contained in the archived instances of this title are non-functional.$5Nz 311 $a1179-5689 531 1 $aCell commun. insights 606 $aCell interaction$vPeriodicals 606 $aCellular signal transduction$vPeriodicals 606 $aCell interaction 606 $aCell Communication 606 $aCellules$xInteraction$vPériodiques 606 $aTransduction du signal cellulaire$vPériodiques 606 $aCellules$xInteraction 606 $aCell interaction$2fast$3(OCoLC)fst00850189 606 $aCellular signal transduction$2fast$3(OCoLC)fst00850288 608 $aFulltext. 608 $aInternet Resources. 608 $aPeriodicals. 608 $aSerial publications.$2fast 608 $aPeriodicals.$2fast 608 $aSerial publications.$2lcgft 615 0$aCell interaction 615 0$aCellular signal transduction 615 0$aCell interaction. 615 12$aCell Communication 615 6$aCellules$xInteraction 615 6$aTransduction du signal cellulaire 615 6$aCellules$xInteraction. 615 7$aCell interaction. 615 7$aCellular signal transduction. 676 $a571.6 906 $aJOURNAL 912 $a996336346903316 996 $aCell communication insights$92170675 997 $aUNISA LEADER 06195nam 2200901 450 001 9910797321503321 005 20200520144314.0 010 $a0-8122-9180-8 024 7 $a10.9783/9780812291803 035 $a(CKB)3710000000454471 035 $a(EBL)3442552 035 $a(SSID)ssj0001521111 035 $a(PQKBManifestationID)12614229 035 $a(PQKBTitleCode)TC0001521111 035 $a(PQKBWorkID)11531161 035 $a(PQKB)11455314 035 $a(OCoLC)914434952 035 $a(MdBmJHUP)muse46653 035 $a(DE-B1597)452770 035 $a(OCoLC)1013950698 035 $a(OCoLC)1029826399 035 $a(OCoLC)1032679332 035 $a(OCoLC)1037979781 035 $a(OCoLC)1042026975 035 $a(OCoLC)1046612629 035 $a(OCoLC)1047008372 035 $a(OCoLC)919002769 035 $a(OCoLC)979968325 035 $a(DE-B1597)9780812291803 035 $a(Au-PeEL)EBL3442552 035 $a(CaPaEBR)ebr11081179 035 $a(CaONFJC)MIL815900 035 $a(MiAaPQ)EBC3442552 035 $a(EXLCZ)993710000000454471 100 $a20150413h20152015 uy| e 101 0 $aeng 135 $aurcnu|||||||| 181 $ctxt 182 $cc 183 $acr 200 00$aEarly modern cultures of translation /$fedited by Karen Newman and Jane Tylus 210 1$aPhiladelphia :$cUniversity of Pennsylvania Press ;$a[Washington, District of Columbia] :$cFolger Shakespeare Library,$d[2015] 210 4$d©2015 215 $a1 online resource (365 p.) 300 $aDescription based upon print version of record. 311 $a0-8122-4740-X 320 $aIncludes bibliographical references and index. 327 $tTranslating the language of architecture /$rPeter Burke --$tTranslating the rest of Ovid : the exile poems /$rGordon Braden --$tMacaronic verse, plurilingual printing, and the uses of translation /$rA. E. B. Coldiron --$tErroneous mappings : Ptolemy and the visualization of Europe's East /$rKatharina N. Piechocki --$tTaking out the women : Louise Labe?'s Folie in Robert Greene's translation /$rAnn Rosalind Jones --$tTranslation and homeland insecurity in Shakespeare's The taming of the shrew : an experiment in unsafe reading /$rMargaret Ferguson --$tOn contingency in translation /$rJacques Lezra --$tThe social and cultural translation of the Hebrew Bible in early modern England : reflections, working principles, and examples /$rNaomi Tadmor --$tConversion, communication, and translation in the seventeenth-century Protestant Atlantic /$rSarah Rivett --$tFull. empty. stop. go. : translating miscellany in early modern China /$rCarla Nappi --$tKatherine Philips's Pompey (1663) ; or the importance of being a translator /$rLine Cottegnies --$tTranslating Scottish stadial history : William Robertson in late eighteenth-century Germany /$rLa?szlo? Kontler --$tCoda : translating Cervantes today /$rEdith Grossman. 330 $a"Would there have been a Renaissance without translation?" Karen Newman and Jane Tylus ask in their Introduction to this wide-ranging group of essays on the uses of translation in an era formative for the modern age. The early modern period saw cross-cultural translation on a massive scale. Humanists negotiated status by means of their literary skills as translators of culturally prestigious Greek and Latin texts, as teachers of those same languages, and as purveyors of the new technologies for the dissemination of writing. Indeed, with the emergence of new vernaculars and new literatures came a sense of the necessary interactions of languages in a moment that can truly be defined as "after Babel." As they take their starting point from a wide range of primary sources-the poems of Louise Labé, the first Catalan dictionary, early printed versions of the Ptolemy world map, the King James Bible, and Roger Williams's Key to the Language of America-the contributors to this volume provide a sense of the political, religious, and cultural stakes for translators, their patrons, and their readers. They also vividly show how the very instabilities engendered by unprecedented linguistic and technological change resulted in a far more capacious understanding of translation than what we have today. A genuinely interdisciplinary volume, Early Modern Cultures of Translation looks both east and west while at the same time telling a story that continues to the present about the slow, uncertain rise of English as a major European and, eventually, world language. Contributors: Gordon Braden, Peter Burke, Anne Coldiron, Line Cottegnies, Margaret Ferguson, Edith Grossman, Ann Rosalind Jones, Lázló Kontler, Jacques Lezra, Carla Nappi, Karen Newman, Katharina N. Piechocki, Sarah Rivett, Naomi Tadmor, Jane Tylus. 606 $aTranslating and interpreting$xHistory$y16th century$vCase studies 606 $aTranslating and interpreting$xHistory$y17th century$vCase studies 606 $aTranslating and interpreting$xHistory$y18th century$vCase studies 606 $aTranslations$xPublishing$xHistory$y16th century$vCase studies 606 $aTranslations$xPublishing$xHistory$y17th century$vCase studies 606 $aTranslations$xPublishing$xHistory$y18th century$vCase studies 606 $aLiterature$yEarly modern, 1500-1700$xTranslations$xHistory and criticism$vCase studies 610 $aCultural Studies. 610 $aLiterature. 610 $aMedieval and Renaissance Studies. 615 0$aTranslating and interpreting$xHistory 615 0$aTranslating and interpreting$xHistory 615 0$aTranslating and interpreting$xHistory 615 0$aTranslations$xPublishing$xHistory 615 0$aTranslations$xPublishing$xHistory 615 0$aTranslations$xPublishing$xHistory 615 0$aLiterature$xTranslations$xHistory and criticism 676 $a418/.0209 686 $aES 700$2rvk 701 2$aBurke$b Peter$f1937-$023996 702 $aTylus$b Jane$f1956- 702 $aNewman$b Karen$f1949- 801 0$bMiAaPQ 801 1$bMiAaPQ 801 2$bMiAaPQ 906 $aBOOK 912 $a9910797321503321 996 $aEarly modern cultures of translation$93798444 997 $aUNINA LEADER 04405nam2 2200613 i 450 001 PUV0245666 005 20251003044311.0 020 $aIT$b68-7064 100 $a20040513d1968 ||||0itac50 ba 101 | $aita 102 $ait 181 1$6z01$ai $bxxxe 182 1$6z01$an 200 1 $aˆ5: La ‰supremazia della Francia (1648-1688)$fa cura di Francis Ludwig Carsten 210 $aMilano$cGarzanti$d1968 215 $aXV, 827 p., \32! c. di tav.$cill.$d25 cm. 461 1$1001PUV0044532$12001 $aStoria del mondo moderno$v5 464 1$1001CSA0126847$12001 $aIntroduzione$el'epoca di Luigi 14.$fF.L. Carsten.$1700 1$aCarsten$b, Francis Ludwig$3CFIV010215$4070 464 1$1001CSA0126849$12001 $aˆLa ‰filosofia$fW. von Leyden.$1700 1$aLeyden$b, Wolfgang : von$3RAVV031293$4072 464 1$1001CSA0126852$12001 $aEconomia e politica economica$fD.C. Coleman.$1700 1$aColeman$b, D. C.$3TO0V025568$4072 464 1$1001CSA0126853$12001 $aˆIl ‰pensiero politico$fStephan Skelweit.$1700 1$aSkalweit$b, Stephan$3SBLV128966$4070 464 1$1001CSA0126854$12001 $aStato e chiesa$fAnne Whiteman.$1700 1$aWhiteman$b, Anne$3TO0V350969$4070 464 1$1001CSA0126855$12001 $aˆLe ‰arti$fRudolf Wittkower.$1700 1$aWittkower$b, Rudolf$3CFIV039970$4070 464 1$1001CSA0126856$12001 $aˆLe ‰strutture sociali e l'organizzazione degli stati$fGeorge Clark.$1700 1$aClark$b, George$3RAVV061737$4070 464 1$1001CSA0126857$12001 $aDiplomazia e politica estera francese$fG. Zeller.$1700 1$aZeller$b, Gaston$3RAVV041923$4070 464 1$1001CSA0126883$12001 $aˆL'‰Inghilterra dopo la restaurazione$fDavid Ogg.$1700 1$aOgg$b, David$3SBLV096925$4070 464 1$1001CSA0126885$12001 $aˆLa ‰Francia di Luigi 14.$fJ. Lough.$1700 1$aLough$b, J.$3UFIV009809$4070 464 1$1001CSA0126889$12001 $aˆL'‰arte, il pensiero e la letteratura in Francia nel 17. secolo$fDavid Ogg.$1700 1$aOgg$b, David$3SBLV096925$4070 464 1$1001CSA0126891$12001 $aˆL'‰Europa e l'America del Nord$fE.E. Rich.$1700 1$aRich$b, E. E.$3MODV115531$4070 464 1$1001CSA0126917$12001 $aˆLa ‰Spagna e il suo impero$fIuan Reglà.$1700 1$aReglà$b, Iuan$3CSAV038697$4070 464 1$1001CSA0126922$12001 $aˆIl ‰Portogallo e il suo impero$fV.M. Godinho.$1700 1$aGodinho$b, Vitorino Magalhaes$3MILV040387$4070 500 11$aˆThe ‰ascendancy of France (1648-1688)$3PUV0245669$93613332 606 $aFRANCIA$xStoria$x1648-1688$2FIR$3NAPC092657$9I 606 $aStoria moderna e contemporanea$2FIR$3CFIC007282$9E 676 $a030$9$v14 676 $a909.08$9STORIA MODERNA, 1450/1500-$v12 676 $a909.08$9STORIA MODERNA, 1450/1500-$v20 676 $a909.08$9STORIA MONDIALE. STORIA MODERNA, 1450/1500-$v21 676 $a909.6$9STORIA MONDIALE, 1600-1699$v21 676 $a940.25$9STORIA GENERALE DELL'EUROPA. 1648-1789$v22 676 $a944.033$9STORIA. FRANCIA. Regno di Luigi XIV, 1643-1715.$v22 696 $aStoria moderna$aStoria contemporanea 699 $aStoria moderna e contemporanea$xStoria moderna$xStoria contemporanea 702 1$aCarsten$b, Francis Ludwig$3CFIV010215 801 3$aIT$bIT-000000$c20040513 850 $aIT-BN0095 $aIT-NA0602 $aIT-NA0622 $aIT-SA0060 $aIT-BN0083 $aIT-NA0243 $aIT-NA0537 $aIT-AV0001 $aIT-AV0003 $aIT-AV0007 $aIT-NA0079 $aIT-NA0120 $aIT-CE0127 $aIT-CE0066 $aIT-NA0189 $aIT-NA0310 $aIT-NA0666 $aIT-BN0052 $aIT-AV0045 $aIT-BN0015 $aIT-NA0695 $aIT-NA0580 $aIT-NA0312 $aIT-NA0313 $aIT-NA0839 901 $bNAP SC$c55 $n$ 912 $aPUV0245666 950 2$aBiblioteca Centralizzata di Ateneo$cv. 1-12$d 01STORICA 7 STODMM$e 01S 0090010785 VMA (0005 v. 5$fB $h20250324$i20250324 950 2$aCentro Librario e Bibliotecario per la Diffusione della cultura$c12 v.$d 67SALA A A XI 8.1$e 67 0000045545 VMA (5 v. 5$fC $h20140226$i20140226 967 $n14 977 $a 01$a 07$a 21$a 27$a 32$a 67$a 68$a AL$a AR$a AV$a BN$a CR$a CT$a CV$a DP$a FS$a GV$a MG$a MV$a PB$a PG$a PS$a SC$a SE$a VR 996 $aAscendancy of France (1648-1688)$93613332 997 $aUNISANNIO